Представление документа в формате MARC21

ПолеНазваниеЗначение
  Тип записи a
  Библиографический уровень m
001 Контрольный номер RU/URAIT/564226
005 Дата корректировки 20260429163603.7
008 Кодируемые данные 260429s2025 RU y f j 000 0 rus u
020 Индекс ISBN __
a ISBN 978-5-534-05674-7
c Цена, тираж 0.00
040 Источник каталогиз. __
a Служба первич. каталог. ИКО Юрайт
c Служба, преобразующая запись ИКО Юрайт
e Правила каталог. RCR
041 Код языка издания __
a Код языка текста rus
044 Код страны публикации __
a Код страны публикации RU
080 Индекс УДК __
a Индекс УДК 544(075.8)
084 Индекс другой классификации/Индекс ББК __
2 Источник индекса rubbk
a Индекс другой классификации/Индекс ББК 24.5я73
100 Автор __
a Автор Степановских Е. И.
q Полное имя Степановских Елена Ивановна
245 Заглавие __
a Заглавие Физическая химия. Курсовые работы
b Продолж. заглавия учебник для вузов
c Ответственность Е. И. Степановских [и др.] ; ответственный редактор Е. И. Степановских, под научной редакцией В. Ф. Маркова.
256 Характеристики компьютерного файла __
a Характеристики компьютерного файла Электрон. дан.
260 Выходные данные __
a Место издания Москва
b Издательство Юрайт
c Дата издания 2025
300 Физическое описание __
a Объем 185 с
440 Серия __
a Серия Высшее образование
500 Примечания __
a Примечание URL: https://urait.ru/bcode/564226 (дата обращения: 29.04.2026).
520 Аннотация __
a Аннотация В учебном пособии рассмотрен теоретический материал, необходимый студентам при выполнении нескольких типов курсовых работ. Приведены алгоритм выполнения курсовых работ и рекомендации к их содержанию и оформлению. Для некоторых курсовых работ в приложении даны разработанные индивидуальные задания по вариантам. Пособие поможет преподавателям в организации заданий для обучающихся, а студентам в получении навыков самостоятельной, индивидуальной работы.
538 Прим. о системных особенностях __
a Прим. о системных особенностях Режим доступа: Электронно-библиотечная система Юрайт, для авториз. пользователей
653 Ключевые слова __
a Ключевые слова Общая химия
653 Ключевые слова __
a Ключевые слова Естественные науки
653 Ключевые слова __
a Ключевые слова Физическая химия
653 Ключевые слова __
a Ключевые слова Основы физической химии
653 Ключевые слова __
a Ключевые слова Введение в физическую химию
653 Ключевые слова __
a Ключевые слова Современная физическая химия
653 Ключевые слова __
a Ключевые слова Физическая химия. Общие вопросы
653 Ключевые слова __
a Ключевые слова Химия физическая
700 Другие авторы __
a Другие авторы Больщикова Т. П.
q Полное имя Больщикова Тамара Петровна
700 Другие авторы __
a Другие авторы Брусницына Л. А.
q Полное имя Брусницына Людмила Александровна
700 Другие авторы __
a Другие авторы Маскаева Л. Н.
q Полное имя Маскаева Лариса Николаевна
700 Другие авторы __
a Другие авторы Алексеева Т. А.
q Полное имя Алексеева Татьяна Анатольевна
700 Другие авторы __
a Другие авторы Марков В. Ф.
q Полное имя Марков Вячеслав Филиппович
856 Электронный адрес документа 40
n Местонахождение сервера Юрайт
g Электронная книга
q Тип электронного формата html
h Имя пользователя ЮРАЙТ
v Часы доступа к ресурсу 20271231
2 Способ доступа Показать документ
x Служебное примечание https://urait.ru/book/cover/17013789-DE05-425B-AE8D-03F9B4DECA54
u URL https://urait.ru/bcode/564226
856 Электронный адрес документа 48
q Тип электронного формата cover
u URL https://urait.ru/book/cover/17013789-DE05-425B-AE8D-03F9B4DECA54
911 __
u 0030=https://urait.ru/bcode/564226
911 __
u 073a=9785534056747
u 073d=0.00
911 __
u 106a=s
911 __
u 900l=
952 Тип литературы __
i Дисциплина Физическая химия
952 Тип литературы __
i Дисциплина Основы физической химии
952 Тип литературы __
i Дисциплина Введение в физическую химию
952 Тип литературы __
i Дисциплина Современная физическая химия
952 Тип литературы __
i Дисциплина Физическая химия. Общие вопросы
952 Тип литературы __
i Дисциплина Химия физическая